000 05606 a2200637 4500
005 20080827150323.0
008 080827t xxu||||| |||| 00| 0 eng d
010 _aB-275496-528
020 _a8170146054
_c325.00
035 _aB-275496-528
040 _adpl
_bEnglish
082 _a003
100 _aKapoor, V.K.
245 _aOperations research:
_cby V.K. Kapoor
_bproblems & solutions /
250 _a4th rev. ed
260 _aNew Delhi
_bSultan Chand & Sons
_c2007(repr.).
270 _a23, Darya Ganj,
_bNew Delhi
_e110 002
300 _aVarious pagings
_c24cm (pbk )
942 _adpl
_cEN
_2ddc
_h003
_mKAP
999 _c15143
_d15143